Characterization of vitis germplasm using random amplified polymorphic DNA markers (Record no. 55456)
[ view plain ]
| 000 -LEADER | |
|---|---|
| fixed length control field | 00545nam a2200205Ia 4500 |
| 100 ## - MAIN ENTRY--AUTHOR NAME | |
| Personal name | Grando M S |
| 245 #0 - TITLE STATEMENT | |
| Title | Characterization of vitis germplasm using random amplified polymorphic DNA markers |
| 260 ## - PUBLICATION, DISTRIBUTION, ETC. (IMPRINT) | |
| Name of publisher | Genetic Resources and Crop Evolution |
| Year of publication | 1996 |
| 300 ## - PHYSICAL DESCRIPTION | |
| Number of Pages | 187-192 |
| 650 ## - SUBJECT ADDED ENTRY--TOPICAL TERM | |
| Topical Term | Genetic diversity |
| 650 ## - SUBJECT ADDED ENTRY--TOPICAL TERM | |
| Topical Term | Grapes |
| 650 ## - SUBJECT ADDED ENTRY--TOPICAL TERM | |
| Topical Term | Molecular markers |
| 650 ## - SUBJECT ADDED ENTRY--TOPICAL TERM | |
| Topical Term | PCR |
| 650 ## - SUBJECT ADDED ENTRY--TOPICAL TERM | |
| Topical Term | RAPD |
| 650 ## - SUBJECT ADDED ENTRY--TOPICAL TERM | |
| Topical Term | Vitis |
| 700 ## - ADDED ENTRY--PERSONAL NAME | |
| Personal name | De Micheli L |
| 700 ## - ADDED ENTRY--PERSONAL NAME | |
| Personal name | Scienza A |
| 942 ## - ADDED ENTRY ELEMENTS (KOHA) | |
| Koha item type | Journals |
| Withdrawn status | Lost status | Damaged status | Not for loan | Home library | Current library | Shelving location | Date acquired | Serial Enumeration / chronology | Koha item type |
|---|---|---|---|---|---|---|---|---|---|
| Journals | RRII Library | RRII Library | RAPD | 17/12/2021 | Volume 43, Issue 2 | Journals |